Haritada P ile Başlayan Şehirler - Statistics

General Stats
  • This quiz has been taken 80 times
  • The average score is 4 of 30
Answers on the Map
Answers color-coded by a green-red scale on the quiz's map according to % correct below.
 
Answer Stats
şehir % Correct
Paris
94%
Panama
42%
Prag
41%
Pyongyang
34%
Palermo
23%
Priştine
21%
Philadelphia
18%
Perth
15%
Phoenix
15%
Portland
14%
Pretorya
13%
Pittsburgh
7%
Port-au-Prince
7%
Port Moresby
7%
Portsmouth
7%
Punom Pen
6%
Pamplona
4%
Phuket
4%
Plovdiv
4%
Patna
3%
Porto Alegre
3%
Porto Novo
3%
Providence
3%
Pune
3%
Padua
1%
Palembang
1%
Port Harcourt
1%
Port of Spain
1%
Puebla
1%
Pondicherry
0%
No matching quizzes found
Score Distribution
Percent of People with Each Score
Percentile by Number Answered
Your Score History
You have not taken this quiz